Serien Allgemeinwissen Quiz #2 - Statistiken

Allgemein
  • Dieses Quiz wurde 469 mal gespielt
  • Das Durchschnittsergebnis liegt bei 11 aus 20
Antwortstatistiken
Frage Antwort % Korrekt
Welche südkoreanische Serie, die sich um vermeintlich harmlose Kinderspiele dreht, ist die meistgeschaute Netflix-Serie? Squid Game
93%
Was für ein Tier ist die Figur Sandy, die in der Serie "SpongeBob Schwammkopf" in einer wasserdichten Glaskuppel wohnt? Eichhörnchen
91%
Wie heißt eine US-amerikanische Sitcom über eine Freundesgruppe hochintelligenter Physiker und Nerds? The Big Bang Theory
78%
Wie heißt das gelbe Elektro-Pokémon, das Ash Ketchum in der ersten Folge des Animes von Dr. Eich bekommt? Pikachu
77%
Zu welchem Volk gehört Wickie aus "Wickie und die starken Männer"? Wikinger
71%
Wie heißt in einer Serie das dramatische, aber offene Ende einer Folge? Cliffhanger
68%
Welche Figur aus der Sesamstraße hat ein blaues Fell und ist fast immer hungrig? Krümelmonster
66%
Aus welcher Fantasy-Serie stammen Charaktere wie Tyrion Lennister, Jon Schnee und Arya Stark? Game of Thrones
64%
Wie ist der Name der rasenden Reporterin aus "Bibi Blocksberg" und "Benjamin Blümchen"? Karla Kolumna
62%
In welcher fiktiven Stadt leben die Simpsons? Springfield
61%
Von welcher Zeichentrickfigur stammt der Schrei "Yabba-dabba-doo!"? Fred Feuerstein
53%
Wie heißt die Mysteryserie um die FBI-Agenten Fox Mulder und Dana Scully, die vor allem in den 90ern populär war? Akte X
40%
Wie heißt der Hauptprotagonist von "Dragon Ball"? Son-Goku
39%
Welche bekannte Zeichentrickserie produziert der Comedian, Schauspieler und Drehbuchautor Seth McFarlane? Family Guy
38%
Wie heißt die englische Serie über ein Alien, welches in menschlicher Gestalt durch Raum und Zeit in einer Telefonzelle reist? Doctor Who
37%
Welcher Comedian wurde durch die Serie "Switch reloaded" mit Imitationen von Stefan Raab, Markus Lanz und Jorge González bekannt? Max Giermann
37%
Unter welchem Namen ist der Anwalt James Morgan "Jimmy" McGill aus "Breaking Bad" besser bekannt? Saul Goodman
33%
Welcher deutsche YouTuber hat eine eigene Netflix-Serie namens "Life's a Glitch"? Julien Bam
31%
Durch welche Comedyserie der 2000er wurde Bryan Cranston bekannt, bevor er später mit "Breaking Bad" seinen großen Durchbruch hatte? Malcolm mittendrin
29%
Welche scharfzüngige Hausmeisterin verkörperte die Schauspielerin Annemarie Wendl in über 1000 Folgen der "Lindenstraße"? Else Kling
6%
Keine übereinstimmenden Quizze gefunden
Verteilung der Resultate
Anzahl Personen mit jedem Resultat
Perzentil nach korrekt beantworteten Fragen
Ihre Resultats-Entwicklung
Sie haben dieses Quiz noch nicht gespielt